000
00300nam a22001097a 4500
008
170120b xxu||||| |||| 00| 0 eng d
020
_a
9780130805904
041
_a
eng
080
_2
4TH
_a
618.2
245
_a
APPRAISAL PROCEDUES FOR COUNSELORS AND HEALPING PROFESSIONALS
_c
DRUMMOND, R.J
942
_2
udc
_c
BK
999
_c
3233
_d
3233